000 00557nam a2200193Ia 4500
005 20260120131819.0
008 008 260114s9999 xx 000 0 eng d
020 _a9781383042504
037 _aEBOOK
040 _aCRL
_beng
_cCRL
041 _aeng
_2eng
084 _qCRL
100 _aHoward-Hill
_9931515
245 0 _aBritish literary bibliography, 1980-1989 A bibliography
260 _bOxford University PressOxford University Press
_c2023
856 _uhttps://academic.oup.com/book/48633
942 _cEBOOK
999 _c1523437
_d1523437